Políčeno na výjimky

Európska komisia vypracovala zoznam tovarov a služieb, na ktoré môžu členské štáty uplatniť zníženú sadzbu dane z pridanej hodnoty. Snaha o jednotný európsky trh.

Enregistré dans:
Détails bibliographiques
Auteur principal: Šmejkal, Václav
Format: Chapitre de livre
Langue:tchèque
Sujets:
Tags: Ajouter un tag
Pas de tags, Soyez le premier à ajouter un tag!

MARC

LEADER 00000naa a2200000 4500
001 r049529
005 20231004071312.3
041 0 |a cze 
044 |a CZ 
245 1 0 |a Políčeno na výjimky  |c Václav Šmejkal 
520 |a Európska komisia vypracovala zoznam tovarov a služieb, na ktoré môžu členské štáty uplatniť zníženú sadzbu dane z pridanej hodnoty. Snaha o jednotný európsky trh. 
610 2 0 |a dane z hodnoty pridanej 
610 2 0 |a sadzby daňové 
610 2 0 |a Európska únia 
100 1 |a Šmejkal, Václav